000 004940000a22001810004500
003 LK-CoMWRAF
008 230817t ||||| |||| 00| 0 eng d
040 _aLK-CoMWRAF
_dLK-CoMWRAF
_eLK-CoMWRAF
041 _aeng
082 _a010
_bJAY
100 _aJayaraja,Anisters
245 _aKilakkin Ithayam Thesathin Uthayam
_bM.H.M.Ashrafin valkai varalaru
250 _a2nd.ed
260 _aColombo
_bPuthiya velichankal
_c1998
300 _ap.214
650 _amuslims in Sri Lanka
942 _cBK
999 _c2888
_d2888